000 00613nam a2200229Ia 4500
003 OSt
005 20221007082258.0
006 a|||||r|||| 00| 0
007 ta
008 221006b |||||||| |||| 00| 0 eng d
024 _a7,662
037 _cTextual
040 _aFLL
_cFLL
_beng
041 _2eng
_aeng
082 _aZ2180Y1:411:6t:N67, L3;1
100 _aKrishnaswamy Au.
_9698957
245 0 _aInquiry report suryapet liquor tragedy
260 _c1973
300 _a150p
_ccm.
942 _hZ2180Y1:411:6t:N67, L3;1
_cTEXL
_2CC
999 _c1165890
_d1165890